000
00317nam a22001217a 4500
008
170216b xxu||||| |||| 00| 0 eng d
050
_a
JA1.P63(1976 Vol.24)
245
_a
Political Studies. /
260
_a
London:
_b
Oxford Univ. Press,
_c
408/225/16
300
_a
vii,541p.:
700
_a
L.J Sharpe.
942
_2
lcc
_c
BK
999
_c
6278
_d
13778